[Event "World Rapid Women 2017"]
[Site "Riyadh KSA"]
[Date "2017.12.27"]
[Round "10.15"]
[White "Stefanova, Antoaneta"]
[Black "Vijayalakshmi, Subbaraman"]
[Result "0-1"]
[WhiteElo "2497"]
[BlackElo "2297"]
[EventDate "2017.12.26"]

1. Nf3 Nf6 2. g3 b6 3. Bg2 Bb7 4. O-O g6 5. d4 Bg7 6. c4 O-O 7. Nc3 Ne4 8.
Bd2 Nxc3 9. Bxc3 Be4 10. Qd2 d5 11. Qe3 Nd7 12. Bh3 Bxf3 13. Qxf3 Nf6 14.
Bg2 c6 15. Qd3 Qd6 16. Rac1 Rfd8 17. Rfd1 Qe6 18. cxd5 cxd5 19. Qa6 Ne4 20.
Be1 Qd7 21. f3 Nd6 22. Bf2 Rac8 23. a4 e6 24. b3 Bh6 25. e3 Bf8 26. Bf1 Rc7
27. Rxc7 Qxc7 28. g4 Qc2 29. Qd3 Rc8 30. Qxc2 Rxc2 31. Rd3 Nb7 32. Be1 Rc1
33. Kf2 Be7 34. Ke2 Rb1 35. h3 Kf8 36. e4 Ke8 37. exd5 exd5 38. Bd2 Kd7 39.
Bg2 Nd6 40. Ke3 Ne8 41. f4 Nc7 42. Bf3 a5 43. Kf2 Rb2 44. Kg3 Bb4 45. Bxb4
axb4 46. h4 Rc2 47. g5 Rc3 48. Rxc3 bxc3 49. Bd1 Na6 50. Kf2 Nb4 51. Ke3 c2
52. Bg4+ Kd6 53. Kd2 Nc6 54. Kxc2 Nxd4+ 55. Kc3 Ne6 56. Bxe6 fxe6 57. Kd4
Kc6 58. b4 Kd6 59. Kd3 Kc6 60. Ke3 Kd6 61. Kd4 Kc6 62. Ke5 Kd7 63. f5 exf5
64. Kxd5 Kc7 65. Ke5 Kc6 66. h5 Kc7 67. hxg6 hxg6 68. Kd5 Kd7 69. Ke5 Kc6
70. Kd4 Kd6 71. Kc4 Ke5 72. Kc3 Ke4 73. Kd2 Kd4 74. a5 bxa5 75. bxa5 Kc5
76. Ke3 Kb5 77. Kd4 Kxa5 78. Kc5 Ka6 79. Kc4 Kb6 80. Kd5 Kc7 81. Kc5 Kd7
82. Kd5 Ke7 83. Ke5 Kf7 84. Kd5 Kf8 85. Kd4 Ke8 86. Kc5 Ke7 87. Kd5 Kd7 88.
Ke5 Kc6 89. Kd4 Kd6 90. Ke3 Ke5 91. Kf3 f4 92. Kg4 Ke4 93. Kh3 Ke3 94. Kg2
Ke2 0-1

[Event "World Rapid Women 2017"]
[Site "Riyadh KSA"]
[Date "2017.12.27"]
[Round "10.16"]
[White "Ambartsumova, Karina"]
[Black "Ushenina, Anna"]
[Result "0-1"]
[WhiteElo "2388"]
[BlackElo "2482"]
[EventDate "2017.12.26"]

1. d4 d5 2. Nf3 Nf6 3. e3 g6 4. b3 c5 5. Bb2 cxd4 6. exd4 Bg7 7. Nbd2 O-O
8. Bd3 Nc6 9. a3 a6 10. O-O b5 11. Qe2 Qb6 12. Ne5 Nxd4 13. Bxd4 Qxd4 14.
Nc6 Qf4 15. g3 Qh6 16. Nxe7+ Kh8 17. Nxc8 Raxc8 18. Rad1 Qh3 19. f3 d4 20.
Rfe1 Nd5 21. Ra1 Rfd8 22. Nf1 h5 23. Qg2 Qd7 24. f4 Kg8 25. Qf3 Ne7 26. Kg2
Rc3 27. Nd2 Nd5 28. Nf1 a5 29. f5 Rf8 30. a4 Nb4 31. Bxb5 Qd6 32. Qe4 Nxc2
33. fxg6 Nxe1+ 34. Rxe1 fxg6 35. Nd2 d3 36. Bc4+ Kh8 37. Rd1 Rd8 38. Nf3
Rc2+ 39. Kh1 Re2 40. Qb7 Qd7 41. Qb6 Qd6 42. Qb7 Qe7 43. Qc6 Qf6 44. Qxf6
Bxf6 45. Bxd3 Re3 46. Ne1 Bc3 0-1

[Event "World Rapid Women 2017"]
[Site "Riyadh KSA"]
[Date "2017.12.27"]
[Round "10.18"]
[White "Berend, Elvira"]
[Black "Padmini, Rout"]
[Result "0-1"]
[WhiteElo "2355"]
[BlackElo "2409"]
[EventDate "2017.12.26"]

1. e4 e6 2. d3 c5 3. Nf3 Nc6 4. g3 d5 5. Nbd2 b6 6. Bg2 dxe4 7. Nxe4 Bb7 8.
O-O Nf6 9. Nxf6+ gxf6 10. Re1 Qd7 11. a4 Bg7 12. Bd2 O-O 13. a5 Nxa5 14.
Bxa5 bxa5 15. Rxa5 Qc7 16. Ra4 f5 17. b3 Bf6 18. Nd2 Bxg2 19. Kxg2 Kh8 20.
Rc4 Rg8 21. Qf3 Qb6 22. Kg1 Rad8 23. Qe2 Rd4 24. Rxd4 Bxd4 25. Nc4 Qc7 26.
Ne5 Bc3 27. f4 Bxe1 28. Qxe1 f6 29. Nf3 Qc6 30. Kf2 Kg7 31. Qc3 Rd8 32. Qa1
Rd7 33. h3 Qd6 34. Qe1 Kf7 35. Qe2 a5 36. Kg2 Ra7 37. Nd2 a4 38. bxa4 Rxa4
39. Nc4 Qd5+ 40. Kh2 Ra1 41. Qg2 Re1 42. g4 Qxg2+ 43. Kxg2 fxg4 44. hxg4
Re2+ 45. Kf3 Rxc2 46. Nd6+ Ke7 47. Ne4 h6 48. Ke3 f5 49. gxf5 exf5 50. Ng3
Kf6 51. Kf3 Rc3 0-1

[Event "World Rapid Women 2017"]
[Site "Riyadh KSA"]
[Date "2017.12.27"]
[Round "10.19"]
[White "Kovanova, Baira"]
[Black "Batsiashvili, Nino"]
[Result "0-1"]
[WhiteElo "2300"]
[BlackElo "2400"]
[EventDate "2017.12.26"]

1. e4 e5 2. Nf3 Nc6 3. Bc4 Nf6 4. Ng5 d5 5. exd5 Na5 6. Bb5+ c6 7. dxc6
bxc6 8. Bd3 h6 9. Ne4 Nd5 10. Nbc3 Nf4 11. Bf1 Be7 12. d4 Qc7 13. d5 Nxd5
14. Nxd5 cxd5 15. Qxd5 Bb7 16. Qb5+ Bc6 17. Qe2 O-O 18. Bd2 Rab8 19. Bc3
Bb4 20. Nf6+ Kh8 21. Nh5 Bxc3+ 22. bxc3 Bxg2 23. Bxg2 Qxc3+ 24. Qd2 Qxa1+
25. Ke2 Qxa2 26. Bd5 Qa4 27. Rg1 Qb5+ 28. Kf3 Rbd8 29. Nf6 Qb6 30. Nh5 Qd4
31. Qxd4 exd4 32. Be4 g6 33. Nf6 Nc4 34. Kg2 Kg7 35. Ng4 h5 36. Bd3 hxg4
37. Bxc4 Rc8 38. Bb3 a5 39. Ra1 Rc5 40. Ra4 Rd8 41. Bc4 Rb8 42. Bd3 Rb4 43.
Ra1 a4 0-1

[Event "World Rapid Women 2017"]
[Site "Riyadh KSA"]
[Date "2017.12.27"]
[Round "10.20"]
[White "Gaponenko, Inna"]
[Black "Shuvalova, Polina"]
[Result "0-1"]
[WhiteElo "2399"]
[BlackElo "2241"]
[EventDate "2017.12.26"]

1. e4 c6 2. d4 d5 3. exd5 cxd5 4. c4 Nf6 5. Nc3 e6 6. Nf3 Bb4 7. cxd5 Nxd5
8. Bd2 Nc6 9. Bd3 Be7 10. O-O O-O 11. a3 Bf6 12. Qe2 g6 13. Bh6 Re8 14. Qe4
Nxc3 15. bxc3 e5 16. dxe5 Bf5 17. Qf4 Bxd3 18. exf6 Bxf1 19. Rxf1 Qd5 20.
Bg5 Re4 21. Qg3 Qf5 22. h3 Rae8 23. Rd1 h6 24. Bxh6 Qxf6 25. Bg5 Qxc3 26.
Qc7 Qb2 27. Rd7 Ne5 28. Nxe5 Re1+ 29. Kh2 Qxe5+ 30. Qxe5 R1xe5 31. h4 Rb5
32. Bf6 a5 33. g4 Rb3 34. g5 b5 35. Be7 Rxe7 36. Rxe7 Rxa3 37. Rb7 b4 38.
f4 b3 39. Kg3 a4 40. f5 b2+ 41. Kf4 Rb3 0-1

[Event "World Rapid Women 2017"]
[Site "Riyadh KSA"]
[Date "2017.12.27"]
[Round "10.21"]
[White "Savina, Anastasia"]
[Black "Assaubayeva, Bibisara"]
[Result "1/2-1/2"]
[WhiteElo "2394"]
[BlackElo "1949"]
[EventDate "2017.12.26"]

1. Nf3 Nf6 2. c4 g6 3. Nc3 Bg7 4. e4 d6 5. d4 O-O 6. h3 e5 7. d5 Nh5 8. g3
Na6 9. Be2 f5 10. exf5 gxf5 11. Nh4 Nf4 12. gxf4 Qxh4 13. Rg1 Kh8 14. Be3
exf4 15. Bd4 Be5 16. Bxe5+ dxe5 17. d6 cxd6 18. Qxd6 Qf6 19. O-O-O Be6 20.
Nd5 Bxd5 21. Qxf6+ Rxf6 22. Rxd5 e4 23. c5 Nb4 24. Rd7 Rg6 25. Rxg6 hxg6
26. Rxb7 Nc6 27. Bb5 Nd4 28. Kd2 Rd8 29. Rd7 Rxd7 30. Bxd7 Kg7 31. a4 Nb3+
32. Kc3 Nxc5 33. Bb5 a6 34. b4 axb5 35. bxc5 e3 36. fxe3 f3 37. Kd2 bxa4
38. c6 a3 39. c7 a2 40. c8=Q a1=Q 41. Qb7+ Kf6 42. Qxf3 Qb2+ 43. Kd3 Qb1+
44. Kd2 Qb4+ 45. Kd3 Qd6+ 46. Ke2 Kg5 47. Kf1 Qe5 48. Kg2 Qb2+ 1/2-1/2

[Event "World Rapid Women 2017"]
[Site "Riyadh KSA"]
[Date "2017.12.27"]
[Round "10.22"]
[White "Gunina, Valentina"]
[Black "Vo, Thi Kim Phung"]
[Result "0-1"]
[WhiteElo "2566"]
[BlackElo "2192"]
[EventDate "2017.12.26"]

1. e4 e6 2. d4 d5 3. Nd2 Nf6 4. e5 Nfd7 5. Bd3 c5 6. c3 Nc6 7. Ne2 Qb6 8.
Nf3 f6 9. exf6 Nxf6 10. O-O cxd4 11. cxd4 Bd6 12. a3 O-O 13. Qc2 Bd7 14.
Bg5 h6 15. Bh4 Rac8 16. Qb1 e5 17. Qa2 Be6 18. Bg3 Nxd4 19. Nxe5 Nxe2+ 20.
Bxe2 Rc2 21. Rae1 Rxb2 22. Qa1 Ne4 23. Rb1 Rxb1 24. Rxb1 Qc7 25. Rc1 Qb8
26. Ng6 Nxg3 27. hxg3 Rf6 28. Bd3 b6 29. Re1 Bc5 30. Nf4 Bf7 31. Re2 Qd6
32. Qc3 Bxa3 33. Qc8+ Qf8 34. Qd7 Bc5 35. Kh2 Qd6 36. Qc8+ Qf8 37. Qd7 a5
38. Nxd5 Rd6 39. Ne7+ Kh8 40. Qf5 Rxd3 41. Qxd3 Bxe7 42. Qd7 Bc5 43. Re4
Bg8 44. Re8 Qxf2 45. Kh3 Qa2 46. Ra8 Qc4 47. Kh2 Bb4 48. Rc8 Bc5 49. Ra8
Qb3 50. Ra7 Qf7 51. Qxf7 Bxf7 52. Rxf7 a4 53. Rb7 Kh7 54. Kh3 a3 55. Kg4
Kg6 56. Kf3 Bd4 57. Ra7 Bb2 58. Ra6 Kg5 59. Ra4 b5 60. Ra5 Kf6 61. Ke4 b4
62. Kd3 b3 63. Kc4 a2 0-1

[Event "World Rapid Women 2017"]
[Site "Riyadh KSA"]
[Date "2017.12.27"]
[Round "10.23"]
[White "Munguntuul, Batkhuyag"]
[Black "Zawadzka, Jolanta"]
[Result "1/2-1/2"]
[WhiteElo "2455"]
[BlackElo "2361"]
[EventDate "2017.12.26"]

1. e4 e5 2. Nf3 Nc6 3. Nc3 Nf6 4. a3 Be7 5. Bb5 O-O 6. Bxc6 dxc6 7. Nxe5
Nxe4 8. Nxe4 Qd4 9. d3 Qxe5 10. O-O f5 11. Nc3 Bd6 12. f4 Qd4+ 13. Kh1 Bd7
14. Qf3 Rae8 15. Bd2 Re6 16. Rae1 Rfe8 17. Rxe6 Rxe6 18. Nd1 Qd5 19. Ne3
Qxf3 20. Rxf3 g6 21. Kg1 c5 22. Nc4 b5 23. Nxd6 cxd6 24. Re3 Rxe3 1/2-1/2

[Event "World Rapid Women 2017"]
[Site "Riyadh KSA"]
[Date "2017.12.27"]
[Round "10.25"]
[White "Mkrtchian, Lilit"]
[Black "Sedina, Elena"]
[Result "1-0"]
[WhiteElo "2423"]
[BlackElo "2333"]
[EventDate "2017.12.26"]

1. c4 e5 2. g3 Nc6 3. Nc3 Bb4 4. Bg2 Nf6 5. Nd5 Bc5 6. e3 d6 7. Ne2 a5 8.
d4 Ba7 9. b3 exd4 10. exd4 Nxd5 11. cxd5 Ne7 12. h3 O-O 13. O-O Bd7 14. Re1
a4 15. bxa4 Bb6 16. Nc3 Nf5 17. Re4 Re8 18. Rf4 Qe7 19. Bb2 h6 20. Qd3 g6
21. a3 Ng7 22. Re4 Qf8 23. Qd2 Rxe4 24. Nxe4 f5 25. Nc3 Kh7 26. Re1 Re8 27.
Rxe8 Qxe8 28. Bc1 Kg8 29. h4 Ba5 30. Bf1 Bxa4 31. Qd3 h5 32. Bh6 Kh7 33.
Be3 Bd7 34. Ne2 Bb5 35. Qc2 Bb6 36. Nf4 Bxf1 37. Kxf1 Qe4 38. Qxe4 fxe4 39.
Nh3 Nf5 40. Ng5+ Kg7 41. Nxe4 Bxd4 42. Bg5 Kf7 43. Ke2 Ne7 44. Kd3 Bb2 45.
Bxe7 Kxe7 46. a4 Kd7 47. Kc4 c6 48. Ng5 Bf6 49. Ne6 Kc8 50. Nf4 g5 1-0

[Event "World Rapid Women 2017"]
[Site "Riyadh KSA"]
[Date "2017.12.27"]
[Round "10.26"]
[White "Nechaeva, Marina"]
[Black "Saduakassova, Dinara"]
[Result "0-1"]
[WhiteElo "2419"]
[BlackElo "2350"]
[EventDate "2017.12.26"]

1. d4 Nf6 2. c4 e6 3. Nc3 Bb4 4. Qc2 d5 5. cxd5 exd5 6. Bg5 c5 7. Nf3 Nc6
8. dxc5 h6 9. Bh4 g5 10. Bg3 Ne4 11. e3 Qa5 12. Rc1 Bf5 13. Bd3 Nxc3 14.
bxc3 Bxc3+ 15. Qxc3 Bxd3 16. Ne5 Bb5 17. Nxc6 Qxc3+ 18. Rxc3 Bxc6 19. Bd6
f6 20. f3 Kd7 21. Kf2 b5 22. a3 a5 23. Rd3 Ke6 24. Rd4 Rh7 25. h4 Raa7 26.
Bg3 Rab7 27. Rb1 Rhe7 28. Ke2 Kf7 29. Be1 Ra7 30. Kf2 Re6 31. Bc3 Kg6 32.
Rh1 Rae7 33. Rd3 b4 34. axb4 Bb5 35. Rxd5 Rxe3 36. Bd2 Re2+ 37. Kg3 a4 38.
h5+ Kh7 39. Rc1 Bc6 40. Rd6 Rc7 41. Re1 Rxe1 42. Bxe1 f5 43. Bc3 Rc8 44.
Rg6 Rc7 45. Be5 Re7 46. Rxc6 Rxe5 47. Ra6 Re2 48. Rxa4 f4+ 49. Kh3 Kg7 50.
Ra7+ Kf6 51. b5 Re1 52. Kh2 g4 53. fxg4 Kg5 54. b6 Rb1 55. Rf7 Rb2 56. b7
f3 57. Kh3 0-1

[Event "World Rapid Women 2017"]
[Site "Riyadh KSA"]
[Date "2017.12.27"]
[Round "10.27"]
[White "Cori T., Deysi"]
[Black "Melia, Salome"]
[Result "1-0"]
[WhiteElo "2352"]
[BlackElo "2398"]
[EventDate "2017.12.26"]

1. d4 Nf6 2. c4 e6 3. Nf3 c5 4. d5 d6 5. dxe6 Bxe6 6. Nc3 Nc6 7. b3 d5 8.
cxd5 Nxd5 9. Bb2 Qa5 10. Qd2 O-O-O 11. Nxd5 Qxd2+ 12. Nxd2 Bxd5 13. Rc1 Kb8
14. e3 f6 15. f3 Bd6 16. Kf2 Rhe8 17. Bd3 Bg8 18. Bb5 Be5 19. Bxe5+ Rxe5
20. Ne4 f5 21. Bxc6 fxe4 22. Bxe4 Rd2+ 23. Kg3 Rg5+ 24. Kf4 Rdxg2 25. Rhd1
Kc7 26. Bf5 Rh5 27. Rxc5+ Kb6 28. Rc8 g6 29. Bg4 Rd5 30. Rdc1 Bf7 31. Rf8
h5 32. Bc8 g5+ 33. Ke4 Rxh2 34. Rxf7 Rhd2 35. Rxb7+ Ka5 36. Rxa7+ Kb6 37.
Ra6+ Kb5 38. Rc4 1-0

[Event "World Rapid Women 2017"]
[Site "Riyadh KSA"]
[Date "2017.12.27"]
[Round "10.28"]
[White "Batchimeg, Tuvshintugs"]
[Black "Arakhamia-Grant, Ketevan"]
[Result "1-0"]
[WhiteElo "2302"]
[BlackElo "2380"]
[EventDate "2017.12.26"]

1. d4 Nf6 2. c4 g6 3. Nc3 Bg7 4. e4 d6 5. Nf3 O-O 6. h3 e5 7. d5 Nh5 8. g3
Na6 9. Be2 Nc5 10. Be3 a5 11. Nd2 Nf6 12. g4 c6 13. g5 Nfd7 14. h4 a4 15.
h5 Qa5 16. Kf1 a3 17. Qc2 axb2 18. Qxb2 Na4 19. Nxa4 Qxa4 20. Kg2 c5 21. a3
f5 22. gxf6 Nxf6 23. hxg6 hxg6 24. Rh4 Qd7 25. Rg1 Qf7 26. Kh1 Nh7 27. Nf3
Qf6 28. Qc1 Bd7 29. Rh2 Qf7 30. Rxh7 Kxh7 31. Ng5+ Kg8 32. Nxf7 Kxf7 33.
Kg2 Rh8 34. Kf1 Rh2 35. Qb2 1-0

[Event "World Rapid Women 2017"]
[Site "Riyadh KSA"]
[Date "2017.12.27"]
[Round "10.29"]
[White "Mamedjarova, Turkan"]
[Black "Sukandar, Irine Kharisma"]
[Result "1-0"]
[WhiteElo "2286"]
[BlackElo "2376"]
[EventDate "2017.12.26"]

1. d4 c5 2. d5 e5 3. dxe6 dxe6 4. Qxd8+ Kxd8 5. Nc3 Nc6 6. Bf4 e5 7. O-O-O+
Bd7 8. Bg3 a6 9. Na4 Rc8 10. Nb6 Rc7 11. e3 Ke8 12. Bc4 Bf5 13. Ne2 h5 14.
h3 h4 15. Bh2 f6 16. Nc3 Na5 17. Bd5 Ne7 18. f4 e4 19. Bxe4 Bxe4 20. Nxe4
Nf5 21. Rd5 Nxe3 22. Re1 Nxd5 23. Nd6+ 1-0

[Event "World Rapid Women 2017"]
[Site "Riyadh KSA"]
[Date "2017.12.27"]
[Round "10.30"]
[White "Gvetadze, Sofio"]
[Black "Hoang, Thanh Trang"]
[Result "1/2-1/2"]
[WhiteElo "2281"]
[BlackElo "2364"]
[EventDate "2017.12.26"]

1. e4 e6 2. d4 d5 3. e5 c5 4. c3 Nc6 5. a3 Qb6 6. Nf3 Nh6 7. b4 cxd4 8.
cxd4 Nf5 9. Be3 f6 10. b5 Nce7 11. Bd3 Bd7 12. Qe2 Nxe3 13. fxe3 f5 14. O-O
Ng6 15. a4 a5 16. Ng5 Ne7 17. Nd2 h6 18. Nh3 Qd8 19. e4 dxe4 20. Bxe4 Qb6
21. Nc4 Qxd4+ 22. Kh1 Ng6 23. Bxb7 Rb8 24. Rad1 Qh4 25. Rxd7 Kxd7 26. Qd3+
Ke8 27. Bc6+ Kf7 28. Rxf5+ Kg8 29. Rf1 Ne7 30. Bd7 g6 31. Bxe6+ Kh7 32. Qd6
Bg7 33. Bf7 Rhd8 34. Qe6 Rbc8 35. Nd6 Rc3 36. g3 Qh5 37. Nf4 Qxe5 38. Bxg6+
Nxg6 39. Qxg6+ Kg8 40. Nf5 Kh8 41. Nxh6 Bxh6 42. Qxh6+ Kg8 43. Qg6+ Kh8 44.
b6 Qd6 45. Qh5+ Kg8 46. Qg5+ Kh7 47. Qf5+ Kg8 48. Qg4+ Kh7 49. Qe2 Qc6+ 50.
Ng2 Re8 51. Qh5+ Kg8 52. Qg5+ Kh8 53. Qh5+ Kg8 54. b7 Rc2 55. Qf7+ Kh8 56.
Qh5+ Kg8 57. Qg4+ Kh8 58. Qh3+ Kg8 59. Qg4+ Kh8 60. Qd4+ Kg8 61. Qg4+ Kh8
62. Rg1 Rb8 63. Qh5+ Kg8 64. Qg5+ Kh7 65. Qf5+ Kg8 66. Qg4+ Kh7 67. Qf5+
Kg8 68. Qg5+ Kh7 69. Qf5+ Kg8 70. Qg5+ Kh7 71. Qe7+ Kg6 72. Qe5 Rxb7 73. h4
Rbb2 74. Qg5+ Kh7 75. Qe7+ Kg8 76. Qg5+ Kh7 77. Qe7+ Kg8 78. Qg5+ Kh7 79.
Qe7+ Kg8 80. Qg5+ 1/2-1/2

[Event "World Rapid Women 2017"]
[Site "Riyadh KSA"]
[Date "2017.12.27"]
[Round "10.31"]
[White "Szczepkowska, Karina"]
[Black "Socko, Monika"]
[Result "1/2-1/2"]
[WhiteElo "2272"]
[BlackElo "2421"]
[EventDate "2017.12.26"]

1. d4 Nf6 2. c4 e6 3. Nf3 d5 4. Nc3 Be7 5. g3 dxc4 6. Bg2 O-O 7. Ne5 c5 8.
dxc5 Qc7 9. Nxc4 Bxc5 10. Be3 Bxe3 11. Nxe3 Rd8 12. Qa4 Bd7 13. Qc4 Qxc4
14. Nxc4 Bc6 15. O-O Bxg2 16. Kxg2 Nc6 17. Rfd1 Kf8 18. e3 Ke7 19. Kf3 Rac8
20. Rxd8 Rxd8 21. Rd1 Rxd1 22. Nxd1 Nd5 23. a3 b5 24. Nd2 f5 25. Nb3 Kd6
26. Ke2 e5 27. f3 Nb6 28. Kd3 a6 29. Nd2 Na4 30. Kc2 Nc5 31. Nb3 g5 32.
Nxc5 Kxc5 33. b4+ Kc4 34. Nb2+ Kd5 35. Kc3 e4 36. f4 gxf4 37. gxf4 Ne7 38.
Nd1 Ng6 39. Kb3 Nh4 40. Nc3+ Kc6 41. Ne2 Nf3 42. h3 Kd5 43. Kc3 Nh4 44. Nd4
Kd6 45. Ne2 Kd5 46. Nd4 Kd6 47. Ne2 1/2-1/2

[Event "World Rapid Women 2017"]
[Site "Riyadh KSA"]
[Date "2017.12.27"]
[Round "10.32"]
[White "Hoolt, Sarah"]
[Black "Rapport, Jovana"]
[Result "1-0"]
[WhiteElo "2405"]
[BlackElo "2345"]
[EventDate "2017.12.26"]

1. e4 g6 2. d4 Nf6 3. Nc3 d5 4. e5 Ne4 5. f3 Nxc3 6. bxc3 c5 7. Ne2 Nc6 8.
h4 h5 9. Bg5 Qa5 10. Qd2 Bf5 11. Ng3 c4 12. Nxf5 gxf5 13. Be2 O-O-O 14. g4
hxg4 15. fxg4 fxg4 16. Bxg4+ Kb8 17. h5 f6 18. exf6 exf6 19. Bxf6 Re8+ 20.
Kf1 Rh7 21. Re1 Rxe1+ 22. Qxe1 Be7 23. Bxe7 Rxe7 24. Qg3+ Qc7 25. Qxc7+
Kxc7 26. h6 Rh7 27. Bf5 Rh8 28. h7 Ne7 29. Be6 Kc6 30. Kg2 Ng6 31. Rh6 Nf8
32. Bg8+ Kb5 33. Kf3 Ka4 34. Kf4 Ka3 35. Ke5 Nxh7 36. Bxh7 Kxa2 37. Kxd5
Kb2 38. Kxc4 Rc8+ 39. Kb4 Rxc3 40. d5 a5+ 41. Kxa5 Rc5+ 42. Kb6 Rxd5 43.
Kxb7 Rc5 44. Rc6 Rh5 45. Bg6 Re5 46. c4 Kc3 47. Bf7 Kd4 48. Kb6 Re7 49. Bd5
Re2 50. Rh6 Re5 51. Rh4+ Kc3 52. Kc5 Re3 53. Kd6 Kb4 54. c5+ Kb5 55. c6 Rg3
56. Rh1 Rg6+ 57. Be6 1-0

[Event "World Rapid Women 2017"]
[Site "Riyadh KSA"]
[Date "2017.12.27"]
[Round "10.33"]
[White "Li, Ruofan"]
[Black "Gevorgyan, Maria"]
[Result "1-0"]
[WhiteElo "2397"]
[BlackElo "2138"]
[EventDate "2017.12.26"]

1. d4 Nf6 2. c4 e6 3. Nc3 Bb4 4. Qc2 c5 5. dxc5 Na6 6. a3 Bxc5 7. b4 Be7 8.
e4 d6 9. Nf3 O-O 10. Bd3 h6 11. O-O Bd7 12. Qe2 e5 13. h3 Rc8 14. Be3 b6
15. Rfd1 Nc7 16. a4 Ne6 17. a5 Nf4 18. Bxf4 exf4 19. Qd2 bxa5 20. bxa5 Be6
21. Nd5 Bxd5 22. exd5 Nh5 23. Nd4 Bf6 24. Nc6 Rxc6 25. dxc6 Bxa1 26. Rxa1
f3 27. g3 Qe8 28. c5 Qxc6 29. cxd6 g6 30. Bc2 Rd8 31. Rd1 Qd7 32. g4 Kg7
33. Qc3+ Nf6 34. Qxf3 Qe6 35. Qd3 Ne8 36. Qd4+ Kh7 37. d7 Nf6 38. Ba4 h5
39. g5 Ng8 40. Kg2 Ne7 41. Qe3 Kg7 42. Qxe6 fxe6 43. Rd6 Kf7 44. Ra6 Ra8
45. Rxa7 Rd8 46. Rb7 Nd5 47. a6 Ke7 48. a7 1-0

[Event "World Rapid Women 2017"]
[Site "Riyadh KSA"]
[Date "2017.12.27"]
[Round "10.34"]
[White "Javakhishvili, Lela"]
[Black "Michna, Marta"]
[Result "1-0"]
[WhiteElo "2388"]
[BlackElo "2306"]
[EventDate "2017.12.26"]

1. d4 d6 2. Nf3 g6 3. c4 Bg7 4. Nc3 Nd7 5. g3 e5 6. Bg2 Ne7 7. O-O O-O 8.
e4 exd4 9. Nxd4 Nc6 10. Nxc6 bxc6 11. Qc2 Ne5 12. b3 Qf6 13. Bb2 Nf3+ 14.
Kh1 Bg4 15. Qd3 Ne5 16. Qe3 Bf3 17. Na4 c5 18. Kg1 Bxg2 19. Kxg2 Qe7 20.
Nc3 Rae8 21. Nd5 Qd8 22. Qd2 Nc6 23. Rfe1 Nd4 24. Rad1 c6 25. Nf4 Qc8 26.
Ne2 Rxe4 27. Nxd4 Rxd4 28. Bxd4 Bxd4 29. Re7 Qa6 30. Qe2 Qa3 31. Rd3 d5 32.
Rf3 Kg7 33. Qe6 Kh6 34. Rexf7 Rxf7 35. Rxf7 1-0

[Event "World Rapid Women 2017"]
[Site "Riyadh KSA"]
[Date "2017.12.27"]
[Round "10.35"]
[White "Galojan, Lilit"]
[Black "Charkhalashvili, Inga"]
[Result "1/2-1/2"]
[WhiteElo "2378"]
[BlackElo "2337"]
[EventDate "2017.12.26"]

1. c4 e5 2. Nc3 d6 3. g3 g6 4. d4 Bg7 5. dxe5 dxe5 6. Qxd8+ Kxd8 7. Bg5+ f6
8. O-O-O+ Nd7 9. Be3 c6 10. f4 Kc7 11. Nf3 Ne7 12. fxe5 fxe5 13. Bg2 Nf5
14. Bd2 Nc5 15. Rhf1 Be6 16. Ng5 Bxc4 17. b3 Bg8 18. e4 Nd6 19. Be3 Ne6 20.
Nxe6+ Bxe6 21. Bc5 Rhd8 22. Be3 Rd7 23. Kc2 b6 24. Rd2 Rf8 25. Rfd1 Bg4 26.
Rf1 Rxf1 27. Bxf1 Rf7 28. Rf2 Rxf2+ 29. Bxf2 Bh6 30. h3 Be6 31. Bg2 Nf7 32.
Nd1 Nd8 33. Ne3 Bxe3 34. Bxe3 c5 35. Bh6 Nc6 36. Bf1 a6 37. Bg7 b5 38. Bf8
Nd4+ 39. Kc3 Kb6 40. Bd6 Nc6 41. g4 b4+ 42. Kb2 a5 43. Be2 a4 44. bxa4 c4
45. Bd1 Ka5 46. Bc7+ Ka6 47. Bd6 Kb6 48. a3 c3+ 49. Kc2 Nd4+ 50. Kd3 c2 51.
Bxc2 Nxc2 52. Kxc2 bxa3 53. Bxa3 Ka5 54. Bd6 Kxa4 55. Kd3 h5 56. gxh5 gxh5
57. h4 Kb5 58. Bxe5 Kc6 59. Kd4 Kd7 60. Bg7 Bg4 61. Ke5 Ke7 62. Bf6+ Kf7
63. Bg5 Bc8 1/2-1/2

[Event "World Rapid Women 2017"]
[Site "Riyadh KSA"]
[Date "2017.12.27"]
[Round "10.36"]
[White "Zhukova, Natalia"]
[Black "Ovod, Evgenija"]
[Result "1-0"]
[WhiteElo "2367"]
[BlackElo "2158"]
[EventDate "2017.12.26"]

1. c4 c5 2. Nf3 Nf6 3. Nc3 e6 4. d4 cxd4 5. Nxd4 Bb4 6. Bd2 Nc6 7. a3 Be7
8. Nf3 d5 9. cxd5 Nxd5 10. e4 Nf6 11. Be2 O-O 12. O-O e5 13. h3 a6 14. Bc4
h6 15. Be3 Bd6 16. Qd2 Qe7 17. Rad1 Bc5 18. Nd5 Nxd5 19. exd5 e4 20. dxc6
exf3 21. Rfe1 fxg2 22. Bd5 bxc6 23. Bxc6 Ra7 24. b4 Bxe3 25. Qxe3 Qc7 26.
Bxg2 Be6 27. Rc1 Qb8 28. Rc6 a5 29. b5 a4 30. Rb6 1-0

[Event "World Rapid Women 2017"]
[Site "Riyadh KSA"]
[Date "2017.12.27"]
[Round "10.37"]
[White "Mammadova, Gulnar"]
[Black "Bivol, Alina"]
[Result "1-0"]
[WhiteElo "2337"]
[BlackElo "2353"]
[EventDate "2017.12.26"]

1. e4 e6 2. d4 d5 3. Nc3 Bb4 4. e5 c5 5. a3 Bxc3+ 6. bxc3 Qa5 7. Bd2 Qa4 8.
Qb1 c4 9. Nf3 Nc6 10. Be2 Bd7 11. h4 Nge7 12. h5 O-O-O 13. h6 gxh6 14. Rxh6
Rdg8 15. Kf1 Nf5 16. Rf6 Rg7 17. Bh6 Rg6 18. Bg5 h6 19. Rxg6 fxg6 20. Bf6
Rg8 21. g4 Nfe7 22. Kg2 g5 23. Ng1 Be8 24. Nh3 Bg6 25. Ra2 Qa5 26. Qb2 Bh7
27. Ra1 Ng6 28. Rh1 Nh4+ 29. Kg3 Qc7 30. Qc1 Ng6 31. Bd1 Rf8 32. f4 gxf4+
33. Nxf4 Qa5 34. Qd2 Nxf4 35. Kxf4 Qxa3 36. Rxh6 Be4 37. g5 Rg8 38. Bf3 Qa1
39. Rh1 Qa5 40. Bxe4 dxe4 41. Qe3 Nd8 42. Rg1 Nf7 43. Qh3 Kd7 44. g6 Qa3
45. d5 Qc5 46. Kxe4 1-0

[Event "World Rapid Women 2017"]
[Site "Riyadh KSA"]
[Date "2017.12.27"]
[Round "10.38"]
[White "Skripchenko, Almira"]
[Black "Zozulia, Anna"]
[Result "1-0"]
[WhiteElo "2448"]
[BlackElo "2256"]
[EventDate "2017.12.26"]

1. e4 c5 2. Nf3 e6 3. d3 Nc6 4. c3 d5 5. Qe2 Nge7 6. g3 b6 7. Bg2 Ba6 8. e5
g6 9. h4 h6 10. O-O Bg7 11. Re1 Qc7 12. Bf4 g5 13. hxg5 Ng6 14. Nbd2 O-O-O
15. b4 Rdg8 16. bxc5 bxc5 17. c4 hxg5 18. cxd5 gxf4 19. dxc6 fxg3 20. fxg3
Rd8 21. Nc4 Bxc4 22. dxc4 Rh5 23. Rab1 Nxe5 24. Rb7 Qa5 25. Reb1 Nxc6 26.
Nh4 Bd4+ 27. Kh1 Re5 28. Qf3 Re1+ 29. Kh2 Ne5 30. Rb8+ Kd7 31. Qb7+ Ke8 32.
Bc6+ Nxc6 33. Qxc6+ Ke7 34. R1b7+ Kf8 35. Qf3 Qd2+ 36. Kh3 1-0

[Event "World Rapid Women 2017"]
[Site "Riyadh KSA"]
[Date "2017.12.27"]
[Round "10.39"]
[White "Mamedjarova, Zeinab"]
[Black "Voit, Daria"]
[Result "0-1"]
[WhiteElo "2303"]
[BlackElo "2397"]
[EventDate "2017.12.26"]

1. d4 Nf6 2. Nf3 e6 3. e3 d5 4. Bd3 c5 5. b3 Nc6 6. O-O Qc7 7. Bb2 cxd4 8.
exd4 Bd6 9. Re1 O-O 10. a3 b6 11. Nbd2 Bb7 12. Ne5 Bxe5 13. dxe5 Nd7 14.
Nf3 Rfd8 15. b4 a5 16. Qd2 axb4 17. axb4 Rxa1 18. Bxa1 Ra8 19. Qf4 Nf8 20.
b5 Ne7 21. Bd4 Neg6 22. Qe3 Nd7 23. h4 Ngf8 24. h5 h6 25. Nh2 Nc5 26. f4
Nxd3 27. cxd3 Qd7 28. Rb1 Ra5 29. Bxb6 Rxb5 30. Rc1 Ba6 31. Nf3 Rb3 32. Rc7
Qb5 33. Bc5 Rxd3 34. Qf2 Nd7 35. Bd6 Qa4 36. Qg3 Rd1+ 37. Kh2 Bd3 38. Nh4
Qa1 39. Qe3 d4 40. Qf2 Nb6 41. f5 exf5 42. e6 fxe6 43. Be5 Nd5 44. Rc8+ Kf7
45. Bxd4 Rh1+ 46. Kg3 f4+ 47. Qxf4+ Nxf4 48. Rc7+ Ke8 49. Bxa1 Nxh5+ 50.
Kg4 Be2+ 51. Nf3 Rxa1 52. Kxh5 Bxf3+ 53. gxf3 Rg1 54. f4 Kf8 55. Rd7 e5 56.
Rd5 g6+ 57. Kxh6 exf4 58. Rd4 Rg4 59. Ra4 Kf7 60. Ra7+ Kf6 61. Ra6+ Kf5 62.
Ra5+ Ke4 63. Ra3 f3 64. Ra4+ Kf5 65. Ra5+ Kf4 66. Ra4+ Kg3 67. Ra3 Kg2 0-1